000 00685nam a2200229 i 4500
001 106113
003 ES-MaACL
005 20230906184047.0
007 t|
008 060929s1964 ag ||||1| spa d
080 _a329.285(460)
080 _a330.862(460)
100 1 _aPeirats, José.
_989997
245 1 4 _aLos anarquistas en la crisis política española
_b: ensayo /
_cJosé Peirats.
260 _aBuenos Aires :
_bAlfa,
_c[1964]
300 _a414 p. ;
_c18 cm.
490 1 _aColección carabela
650 4 _aAnarquismo-
_zEspaña.
_99790
830 1 _aColección carabela
_9181430
852 _aES-MaACL
_jAND-768
_z- Biblioteca Juan Andrade
999 _c106113
_d106113